000 00694nam a2200289Ia 4500
005 20260324142433.0
008 008 260324s9999 xx 000 0 eng d
020 _a9781315004105
037 _aEBOOK
040 _aCRL
040 _beng
040 _cCRL
041 _2eng
041 _aeng
084 _qCRL
100 _aJay. M Bernstein
_91211930
245 0 _aRecovering Ethical Life
245 0 _bJurgen Habermas and the Future of Critical Theory
260 _bTaylor and Francis
260 _c1995
365 _a
365 _b230
856 _uhttp://www.taylorfrancis.com/books/9781315004105
942 _cEBOOK
999 _c1816130
_d1816130